000 01023nam a2200325 i 4500
003 EG-GICUC
005 20260422090652.0
008 260422s1995 a|||fr|||| 000 0 eng d
040 _aEG-GiCUC
_beng
_cEG-GiCUC
_dEG-GiCUC
_eRda
041 0 _aeng
082 0 4 _221
_a343
_bCO . D
092 0 4 _221
099 _aLaw1 10 343 CO . D 23 ed - 1995
100 1 _aKay, Ernest
_eeditor.
245 1 0 _aDictionary Of International Biography:
_cErnest Kay.
264 _aCambridge:
_bInternational Biographical Centre,
_c1995.
300 _a843 page :
_billustration ;
_c 24 cm.
336 _2rda contenu
_a texte
337 _2rda medias
_aOrdinateur
338 _2 transporteur rda
_a Ressource en ligne
546 _aText in English
650 1 _aCriminal law
_2qrmak
651 1 _2qrmak
700 1 _aJocelyn Timothy
_eeditor.
700 1 _aSheryl Rigby
_eeditor.
700 1 _aRebecca Thompson
_eeditor.
856 4 0 _uhttps://fll.law.cu.edu.eg/fulltext/bks/B10-10648.pdf
905 _a158
942 _2ddc
_n0
_cBK
_e21
999 _c72774
_d72774